A carregar...
SURVEY ON UNRECOGNISED SCHOOLS
| Formato: | Printed Book |
|---|---|
| Acesso em linha: | http://10.26.1.76/ks/002452.doc |
| LEADER | 002580000a22000850004500 | ||
|---|---|---|---|
| 245 | |a SURVEY ON UNRECOGNISED SCHOOLS | ||
| 856 | |u http://10.26.1.76/ks/002452.doc | ||
| 942 | |c KS | ||
| 999 | |c 71840 |d 71840 | ||
| 952 | |0 0 |1 0 |4 0 |7 0 |9 63804 |a MGUL |b MGUL |d 2015-08-01 |l 0 |r 2015-08-01 |w 2015-08-01 |y KS | ||